[Event "Novokuznetsk op"]
[Site "Novokuznetsk"]
[Date "2010.01.08"]
[Round "7"]
[White "Izmestiev, Alexey"]
[Black "Morokov, Anatoliy"]
[Result "1-0"]
[WhiteElo "2151"]
[BlackElo "1797"]
[PlyCount "49"]
[EventDate "2010.01.02"]
[EventType "swiss"]
[EventRounds "10"]
[EventCountry "RUS"]
[SourceTitle "CBM 134 Extra"]
[Source "ChessBase"]
[SourceDate "2010.03.03"]
[SourceVersion "1"]
[SourceVersionDate "2010.03.03"]
[SourceQuality "1"]

1. d4 Nf6 2. c4 d5 3. Nc3 Bf5 4. Qb3 Nc6 5. cxd5 Nxd4 6. Qa4+ Qd7 7. Qxd4 e6 8. e4 c5 9. Qe3 Ng4 10. Bb5 exd5 11. Qg5 Be6 12. exd5 f6 13. Bxd7+ Bxd7 14. Qf4 0-0-0 15. Nge2 Ne5 16. 0-0 Bd6 17. Ne4 Bb8 18. d6 g5 19. Qxf6 Ng4 20. Qc3 b6 21. b4 c4 22. Qxc4+ Kb7 23. b5 Rde8 24. Qd5+ Kc8 25. Bxg5 1-0

[Event "Novokuznetsk-ch op"]
[Site "Novokuznetsk"]
[Date "2009.12.12"]
[Round "8"]
[White "Izmestiev, Alexey"]
[Black "Morozov, Vasiliy"]
[Result "1-0"]
[WhiteElo "2131"]
[BlackElo "2050"]
[PlyCount "121"]
[EventDate "2009.11.21"]
[EventType "swiss"]
[EventRounds "9"]
[EventCountry "RUS"]
[SourceTitle "EXT 2011"]
[Source "ChessBase"]
[SourceDate "2010.11.26"]
[SourceVersion "1"]
[SourceVersionDate "2010.11.26"]
[SourceQuality "1"]

1. d4 Nf6 2. c4 c5 3. d5 b5 4. cxb5 a6 5. e3 axb5 6. Bxb5 Qa5+ 7. Nc3 e6 8. dxe6 fxe6 9. Qa4 Bb7 10. Qxa5 Rxa5 11. f3 Nc6 12. Bxc6 Bxc6 13. Bd2 Ra6 14. Nge2 d5 15. 0-0 Be7 16. Nf4 Bd7 17. Rfc1 0-0 18. e4 d4 19. Nd1 Rc8 20. Nf2 c4 21. e5 Nd5 22. Ne2 d3 23. Ng3 Bc5 24. Nge4 Bd4 25. Bc3 Nxc3 26. bxc3 Bxe5 27. g3 Ba4 28. Ng4 Bc7 29. Kg2 Bc2 30. Ne3 Rca8 31. Nxc2 Rxa2 32. Kf1 dxc2 33. Rxa2 Rxa2 34. Ke2 Kf8 35. Kd2 Ke7 36. Rxc2 Ra1 37. Rb2 Kd7 38. Ke3 e5 39. Rb4 Re1+ 40. Kf2 Rh1 41. h4 h6 42. Rxc4 Rc1 43. Ke2 Bb6 44. Rb4 Kc6 45. Kd3 Rf1 46. Nd2 Rf2 47. Rg4 g5 48. hxg5 hxg5 49. Rxg5 Bc7 50. Rg6+ Kd7 51. g4 Bd8 52. Ke3 Rg2 53. Nc4 Bc7 54. Ke4 Re2+ 55. Kd5 Rf2 56. Rg7+ Kc8 57. Kc6 Rxf3 58. Rg8+ Bd8 59. Nb6+ Kb8 60. Rxd8+ Ka7 61. Ra8# 1-0

[Event "Novokuznetsk-ch HL"]
[Site "Novokuznetsk"]
[Date "2008.05.03"]
[Round "6"]
[White "Nikulin, Andrey N"]
[Black "Izmestiev, Alexey"]
[Result "1-0"]
[WhiteElo "2199"]
[BlackElo "2145"]
[PlyCount "83"]
[EventDate "2008.04.30"]
[EventType "tourn"]
[EventRounds "11"]
[EventCountry "RUS"]
[SourceTitle "EXT 2022"]
[Source "ChessBase"]
[SourceDate "2021.10.06"]
[SourceVersion "1"]
[SourceVersionDate "2021.10.06"]
[SourceQuality "1"]

1. c4 e6 2. d4 d5 3. Nf3 c6 4. Nc3 Nf6 5. e3 Bd6 6. Bd3 0-0 7. 0-0 Nbd7 8. e4 dxe4 9. Nxe4 Nxe4 10. Bxe4 Nf6 11. Bc2 c5 12. Bg5 h6 13. Bh4 cxd4 14. Qxd4 Be7 15. Qc3 Nd7 16. Bg3 Bf6 17. Qd3 g6 18. Qe3 Bg7 19. Rad1 Qb6 20. Qxb6 Nxb6 21. b3 Bd7 22. Be4 Bc6 23. Bxc6 bxc6 24. Rd6 Rac8 25. Rfd1 Bf6 26. Ne5 Bxe5 27. Bxe5 Rfe8 28. f4 Kf8 29. Bf6 Kg8 30. a4 c5 31. a5 Na8 32. Rd7 Nc7 33. Be5 Na6 34. Rxa7 Ra8 35. Rdd7 Rxa7 36. Rxa7 Nb4 37. Rc7 Nd3 38. a6 Ra8 39. a7 Nxe5 40. fxe5 Kg7 41. Rxc5 Rxa7 42. Rb5 1-0

[Event "Novokuznetsk Goriainov Memorial op"]
[Site "Novokuznetsk"]
[Date "2007.08.19"]
[Round "6"]
[White "Kudryavchev, Valerij"]
[Black "Izmestiev, Alexey"]
[Result "0-1"]
[WhiteElo "2244"]
[BlackElo "2074"]
[PlyCount "69"]
[EventDate "2007.08.14"]
[EventType "swiss"]
[EventRounds "9"]
[EventCountry "RUS"]
[SourceTitle "EXT 2009"]
[Source "ChessBase"]
[SourceDate "2008.11.26"]
[SourceVersion "1"]
[SourceVersionDate "2008.11.26"]
[SourceQuality "1"]

1. e4 e6 2. d4 d5 3. Nc3 Nf6 4. Bg5 Be7 5. e5 Nfd7 6. h4 Bxg5 7. hxg5 Qxg5 8. Nh3 Qh6 9. Qf3 g6 10. g4 Qg7 11. 0-0-0 a6 12. Qe3 c5 13. f4 cxd4 14. Qxd4 Nc6 15. Qf2 b5 16. Ne2 Bb7 17. Nd4 Na5 18. f5 Nxe5 19. fxe6 f6 20. Be2 Nac4 21. Nf4 Qe7 22. Nb3 Rc8 23. Qd4 Qc7 24. Bd3 Nxd3+ 25. Rxd3 b4 26. Nxd5 Bxd5 27. Qxd5 Nb6 28. Qg2 Qf4+ 29. Kb1 Rc7 30. Qg1 Nc4 31. Qd1 0-0 32. Rd4 Qe5 33. Re1 Qb5 34. Rd8 Re8 35. Qd4 0-1